000 01025nam a2200253 a 4500
001 62632
003 BD-RjUL
005 20211209081115.0
008 170124s2000 bg a|||| |||| 00| 0 ben d
020 _a9840738909
_c: Tk. 60.00
035 _a(BD-RjUL)62758
040 _aBD-RjUL
_bben
_cBD-RjUL
041 _aben
082 _223
_a759.95492
_bAZB 2000
100 _aআজিম, ফয়েজুল
_9175786
245 1 0 _aবাংলাদেশের শিল্পকলার আদিপর্ব ও ঔপনিবেশিক প্রভাব /
_cফয়েজুল আজিম
260 _aঢাকা :
_bবাংলা একাডেমী,
_c২০০০
300 _a[৯], ১৪৯ পৃ. :
_bচিত্র ;
_c২৩ সেমি.
490 _aবাএ ;
_v৩৮৮১
650 _aচিত্র, বাংলাদেশী
_y২০শতক
_9186193
650 _aPainting, Bangladeshi
_y20th century.
_9186194
830 _aবাএ ;
_v৩৮৮১
_9186196
942 _2ddc
_cBK
999 _c62632
_d62632